| 000 | 00753nam a2200241Ia 4500 | ||
|---|---|---|---|
| 003 | OSt | ||
| 005 | 20220923222015.0 | ||
| 006 | a|||||r|||| 00| 0 | ||
| 007 | ta | ||
| 008 | 220922b |||||||| |||| 00| 0 hin d | ||
| 024 | _a201,639 | ||
| 037 | _cTextual | ||
| 040 |
_aARTS _cARTS _bhin |
||
| 041 |
_2hin _ahin |
||
| 082 | _aV2:72.C, 152L7-;2-;3 | ||
| 100 | _aसहाय, शिव स्वरूप | ||
| 245 | 0 | _aपुरामिलेख | |
| 246 | _aPurāmilekha | ||
| 260 |
_aवाराणसी _b शिक्षा प्रका0 केन्द्र _c1978 |
||
| 300 |
_a131पृ. _ccm. |
||
| 942 |
_hV2:72.C, 152L7-;2-;3 _cTEXL _2CC |
||
| 999 |
_c353292 _d353292 |
||